02281nam a22002537a 4500008004100000020001800041040000800059041001300067100004100080245009900121260008300220300004800303490001900351505031600370520099200686650004601678650003801724655002801762655004701790700003501837942000801872952013201880999001502012250625b |||||||| |||| 00| 0 eng d a9781473602373 ctbs aengaspa aKattán-Ibarra, Juan925337eauthor aSpanish tutor b: grammar and vocabulary workbook c/ Juan Kattán-Ibarra and Angela Howkins. aLondon : bTeach Yourself : John Murray Learning : Hodder & Stoughton, c2015. axxx, 316 pages : billustrations ; c25 cm. aTeach yourself a200 activities across a range of grammar and vocabulary points — Unique visuals and infographics for extra context and practice — Personal tutor hints and tips to help you to understand language rules and culture points — Learn to learn section offers tips and advice on how to be a good language learner. aDo you want to communicate easily and freely in Spanish? Master Spanish grammar and broaden your vocabulary with your very own Spanish Tutor. This contemporary interactive workbook features 200 activities across a range of grammar and vocabulary points with clear goals, concise explanations, and real-world tasks. By studying and practicing Spanish grammar you'll understand how the language really works and be able to speak Spanish with clarity and ease. What will I learn? The Spanish Tutor: Grammar and Vocabulary Workbook covers a comprehensive range of the most useful and frequent grammar and vocabulary in Spanish. You can follow along unit by unit, or dip in and dip out to address your weak areas. As you progress, you will be introduced to new vocabulary and combine it with the grammar to complete extensive exercises. You will then practice the language through authentic reading and writing practice. You will achieve a solid upper intermediate level* of Spanish grammar. 0aSpanish languagexSelf-instruction925339 0aSpanish language xGrammar910270 0aSelf-instruction924883 0aInstructional and educational works923270 aHowkins, Angela925582eauthor 2lcc 00102lcc4070aTBSbTBSd2025-06-25l6m1oP-SP LEARN KATpB05850q2026-06-22r2026-05-08s2026-05-08t1w2025-06-25ySPANISH c4795d4795